Chinese Geography on a Map - Statistics

General Stats
  • This quiz has been taken 5,674 times
  • The average score is 34 of 61
Answers on the Map
Answers color-coded by a green-red scale on the quiz's map according to % correct below.
 
Answer Stats
Group Answer % Correct
City Beijing
97%
City Shanghai
95%
River Huang He
94%
Desert Gobi
92%
Island Hong Kong
92%
Body of Water Yellow Sea
92%
River Yangtze
91%
City Guangzhou
89%
Province/Autonomous Region Tibet
88%
Mountain Range Himalaya
87%
City Wuhan
84%
Island Hainan
83%
Body of Water South China Sea
82%
City Xi'an
82%
Mountain Everest
80%
Province/Autonomous Region Inner Mongolia
79%
River Lancang
79%
Body of Water East China Sea
75%
City Tianjin
75%
City Shenzhen
73%
City Chongqing
70%
City Urumqi
70%
City Chengdu
69%
City Lhasa
69%
City Nanjing
67%
City Harbin
66%
Mountain K2
66%
City Xiamen
65%
River Pearl
61%
Province/Autonomous Region Guangdong
58%
Province/Autonomous Region Sichuan
57%
Province/Autonomous Region Xinjiang
57%
City Qingdao
54%
City Hangzhou
52%
City Dalian
50%
River Heilong Jiang
49%
City Kunming
47%
City Fuzhou
46%
Province/Autonomous Region Yunnan
46%
Province/Autonomous Region Hubei
45%
City Shenyang
44%
Body of Water Korea Bay
43%
Province/Autonomous Region Fujian
41%
Peninsula Shandong
40%
Body of Water Northern Gulf
37%
Peninsula Kowloon
35%
Province/Autonomous Region Jiangsu
30%
Lake Tai
28%
Mountain Range Altai
27%
Mountain Victoria Peak
25%
Lake Qinghai
24%
Desert Taklamakan
23%
Body of Water Bohai Sea
18%
River Yalu
18%
Mountain Range Karakoram
17%
Peninsula Liaodong
16%
Mountain Range Kunlun
15%
Island Lantau
14%
Mountain Range Pamir
14%
Mountain Lhotse
12%
Lake Poyang
10%
No matching quizzes found
Score Distribution
Percent of People with Each Score
Percentile by Number Answered
Your Score History
You have not taken this quiz